Sports Quiz

Random Sports or NBA Quiz

Brooklyn Nets TOP 5 Scorer, Rebs and Assis (2010s) Quiz Stats

 Plays Quiz not verified by Sporcle

Support Sporcle.
Go Orange.
Score 0/150 Timer 12:00
0 Plays Today
Season Player % Correct
(2009/10) - TOP 5 PointsBrook Lopez
97.5%
(2009/10) - TOP 5 ReboundsBrook Lopez
97.5%
(2009/10) - TOP 5 AssistsBrook Lopez
97.5%
(2010/11) - TOP 5 PointsBrook Lopez
97.5%
(2010/11) - TOP 5 ReboundsBrook Lopez
97.5%
(2010/11) - TOP 5 AssistsBrook Lopez
97.5%
(2012/13) - TOP 5 PointsBrook Lopez
97.5%
(2012/13) - TOP 5 ReboundsBrook Lopez
97.5%
(2014/15) - TOP 5 PointsBrook Lopez
97.5%
(2014/15) - TOP 5 ReboundsBrook Lopez
97.5%
(2015/16) - TOP 5 PointsBrook Lopez
97.5%
(2015/16) - TOP 5 ReboundsBrook Lopez
97.5%
(2015/16) - TOP 5 AssistsBrook Lopez
97.5%
(2016/17) - TOP 5 PointsBrook Lopez
97.5%
(2016/17) - TOP 5 ReboundsBrook Lopez
97.5%
(2016/17) - TOP 5 AssistsBrook Lopez
97.5%
(2010/11) - TOP 5 AssistsDeron Williams
95%
(2011/12) - TOP 5 PointsDeron Williams
95%
(2011/12) - TOP 5 ReboundsShelden Williams
95%
(2011/12) - TOP 5 ReboundsDeron Williams
95%
(2011/12) - TOP 5 AssistsDeron Williams
95%
(2012/13) - TOP 5 PointsDeron Williams
95%
(2012/13) - TOP 5 AssistsDeron Williams
95%
(2013/14) - TOP 5 PointsDeron Williams
95%
(2013/14) - TOP 5 AssistsDeron Williams
95%
(2014/15) - TOP 5 PointsDeron Williams
95%
(2014/15) - TOP 5 AssistsDeron Williams
95%
(2009/10) - TOP 5 PointsTerrence Williams
94.2%
(2009/10) - TOP 5 ReboundsTerrence Williams
94.2%
(2009/10) - TOP 5 AssistsTerrence Williams
94.2%
(2017/18) - TOP 5 ReboundsJarrett Allen
94.2%
(2017/18) - TOP 5 AssistsD'Angelo Russell
94.2%
(2018/19) - TOP 5 PointsD'Angelo Russell
94.2%
(2018/19) - TOP 5 PointsJarrett Allen
94.2%
(2018/19) - TOP 5 ReboundsJarrett Allen
94.2%
(2018/19) - TOP 5 ReboundsD'Angelo Russell
94.2%
(2018/19) - TOP 5 AssistsD'Angelo Russell
94.2%
(2016/17) - TOP 5 AssistsSpencer Dinwiddie
93.4%
(2017/18) - TOP 5 PointsSpencer Dinwiddie
93.4%
(2017/18) - TOP 5 AssistsSpencer Dinwiddie
93.4%
(2018/19) - TOP 5 PointsSpencer Dinwiddie
93.4%
(2018/19) - TOP 5 AssistsSpencer Dinwiddie
93.4%
(2009/10) - TOP 5 PointsDevin Harris
91.7%
(2009/10) - TOP 5 AssistsDevin Harris
91.7%
(2010/11) - TOP 5 PointsDevin Harris
91.7%
(2010/11) - TOP 5 AssistsDevin Harris
91.7%
(2018/19) - TOP 5 PointsJoe Harris
91.7%
(2018/19) - TOP 5 AssistsJoe Harris
91.7%
(2012/13) - TOP 5 PointsJoe Johnson
90.9%
(2012/13) - TOP 5 AssistsJoe Johnson
90.9%
Season Player % Correct
(2013/14) - TOP 5 PointsJoe Johnson
90.9%
(2013/14) - TOP 5 ReboundsJoe Johnson
90.9%
(2013/14) - TOP 5 AssistsJoe Johnson
90.9%
(2014/15) - TOP 5 PointsJoe Johnson
90.9%
(2014/15) - TOP 5 ReboundsJoe Johnson
90.9%
(2014/15) - TOP 5 AssistsJoe Johnson
90.9%
(2015/16) - TOP 5 PointsJoe Johnson
90.9%
(2015/16) - TOP 5 ReboundsJoe Johnson
90.9%
(2015/16) - TOP 5 AssistsJoe Johnson
90.9%
(2013/14) - TOP 5 ReboundsKevin Garnett
90.1%
(2014/15) - TOP 5 ReboundsKevin Garnett
90.1%
(2013/14) - TOP 5 PointsPaul Pierce
89.3%
(2013/14) - TOP 5 ReboundsPaul Pierce
89.3%
(2013/14) - TOP 5 AssistsPaul Pierce
89.3%
(2017/18) - TOP 5 PointsCaris LeVert
86.8%
(2017/18) - TOP 5 ReboundsCaris LeVert
86.8%
(2017/18) - TOP 5 AssistsCaris LeVert
86.8%
(2018/19) - TOP 5 AssistsCaris LeVert
86.8%
(2014/15) - TOP 5 PointsJarrett Jack
59.5%
(2014/15) - TOP 5 ReboundsJarrett Jack
59.5%
(2014/15) - TOP 5 AssistsJarrett Jack
59.5%
(2015/16) - TOP 5 AssistsJarrett Jack
59.5%
(2009/10) - TOP 5 ReboundsKris Humphries
55.4%
(2010/11) - TOP 5 PointsKris Humphries
55.4%
(2010/11) - TOP 5 ReboundsKris Humphries
55.4%
(2011/12) - TOP 5 PointsKris Humphries
55.4%
(2011/12) - TOP 5 ReboundsKris Humphries
55.4%
(2011/12) - TOP 5 AssistsKris Humphries
55.4%
(2012/13) - TOP 5 ReboundsKris Humphries
55.4%
(2012/13) - TOP 5 ReboundsGerald Wallace
54.5%
(2012/13) - TOP 5 AssistsGerald Wallace
54.5%
(2018/19) - TOP 5 ReboundsEd Davis
47.1%
(2015/16) - TOP 5 PointsThaddeus Young
45.5%
(2015/16) - TOP 5 ReboundsThaddeus Young
45.5%
(2016/17) - TOP 5 PointsRondae Hollis-Jefferson
45.5%
(2016/17) - TOP 5 ReboundsRondae Hollis-Jefferson
45.5%
(2017/18) - TOP 5 PointsDeMarre Carroll
45.5%
(2017/18) - TOP 5 PointsRondae Hollis-Jefferson
45.5%
(2017/18) - TOP 5 ReboundsDeMarre Carroll
45.5%
(2017/18) - TOP 5 ReboundsRondae Hollis-Jefferson
45.5%
(2017/18) - TOP 5 AssistsRondae Hollis-Jefferson
45.5%
(2017/18) - TOP 5 AssistsDeMarre Carroll
45.5%
(2018/19) - TOP 5 PointsDeMarre Carroll
45.5%
(2018/19) - TOP 5 ReboundsDeMarre Carroll
45.5%
(2018/19) - TOP 5 ReboundsRondae Hollis-Jefferson
45.5%
(2016/17) - TOP 5 AssistsJeremy Lin
42.1%
(2015/16) - TOP 5 PointsBojan Bogdanovic
41.3%
(2015/16) - TOP 5 ReboundsBojan Bogdanovic
41.3%
(2016/17) - TOP 5 PointsBojan Bogdanovic
41.3%
(2012/13) - TOP 5 ReboundsReggie Evans
38.8%
Season Player % Correct
(2011/12) - TOP 5 PointsMarShon Brooks
36.4%
(2011/12) - TOP 5 ReboundsMarShon Brooks
36.4%
(2011/12) - TOP 5 AssistsMarShon Brooks
36.4%
(2014/15) - TOP 5 AssistsAlan Anderson
35.5%
(2017/18) - TOP 5 PointsAllen Crabbe
34.7%
(2017/18) - TOP 5 ReboundsAllen Crabbe
34.7%
(2015/16) - TOP 5 ReboundsThomas Robinson
31.4%
(2013/14) - TOP 5 ReboundsMason Plumlee
29.8%
(2014/15) - TOP 5 PointsMason Plumlee
29.8%
(2014/15) - TOP 5 ReboundsMason Plumlee
29.8%
(2014/15) - TOP 5 AssistsMason Plumlee
29.8%
(2009/10) - TOP 5 PointsCourtney Lee
28.9%
(2009/10) - TOP 5 AssistsCourtney Lee
28.9%
(2010/11) - TOP 5 ReboundsDerrick Favors
24.8%
(2012/13) - TOP 5 PointsAndray Blatche
23.1%
(2012/13) - TOP 5 ReboundsAndray Blatche
23.1%
(2012/13) - TOP 5 AssistsAndray Blatche
23.1%
(2013/14) - TOP 5 PointsAndray Blatche
23.1%
(2013/14) - TOP 5 ReboundsAndray Blatche
23.1%
(2013/14) - TOP 5 AssistsAndray Blatche
23.1%
(2016/17) - TOP 5 PointsTrevor Booker
23.1%
(2016/17) - TOP 5 ReboundsTrevor Booker
23.1%
(2013/14) - TOP 5 PointsShaun Livingston
20.7%
(2013/14) - TOP 5 AssistsShaun Livingston
20.7%
(2010/11) - TOP 5 PointsAnthony Morrow
15.7%
(2011/12) - TOP 5 PointsAnthony Morrow
15.7%
(2009/10) - TOP 5 ReboundsYi Jianlian
14.9%
(2018/19) - TOP 5 AssistsShabazz Napier
14.9%
(2012/13) - TOP 5 PointsC.J. Watson
14%
(2012/13) - TOP 5 AssistsC.J. Watson
14%
(2015/16) - TOP 5 PointsWayne Ellington
14%
(2016/17) - TOP 5 PointsSean Kilpatrick
13.2%
(2016/17) - TOP 5 ReboundsSean Kilpatrick
13.2%
(2016/17) - TOP 5 AssistsSean Kilpatrick
13.2%
(2010/11) - TOP 5 AssistsJordan Farmar
11.6%
(2011/12) - TOP 5 PointsJordan Farmar
11.6%
(2011/12) - TOP 5 AssistsJordan Farmar
11.6%
(2009/10) - TOP 5 PointsChris Douglas-Roberts
10.7%
(2009/10) - TOP 5 ReboundsJosh Boone
10.7%
(2010/11) - TOP 5 PointsTravis Outlaw
10.7%
(2010/11) - TOP 5 ReboundsTravis Outlaw
10.7%
(2016/17) - TOP 5 Assistsisaiah Whitehead
9.9%
(2010/11) - TOP 5 AssistsSusha Vujacic
8.3%
(2010/11) - TOP 5 ReboundsJohan Petro
7.4%
(2011/12) - TOP 5 ReboundsJohan Petro
7.4%
(2015/16) - TOP 5 AssistsShane Larkin
6.6%
(2016/17) - TOP 5 ReboundsJustin Hamilton
6.6%
(2015/16) - TOP 5 AssistsDonald Sloan
5.8%
(2011/12) - TOP 5 AssistsSundiata Gaines
5%
(2009/10) - TOP 5 AssistsKeyon Dooling
3.3%

You're not logged in!

Compare scores with friends on all Sporcle quizzes.
OR
Log In

From the Vault

Missing a Letter Pokémon: Generation I

by MeHoyMinoy

At this point Pokémon Go seems like a distant memory.
Remove Ads.
Support Sporcle.
Get the best of Sporcle when you Go Orange. This ad-free experience offers more features, more stats, and more fun while also helping to support Sporcle. Thank you for becoming a member.

Show Comments

Extras

Top Quizzes Today


Score Distribution

Your Account Isn't Verified!

In order to create a playlist on Sporcle, you need to verify the email address you used during registration. Go to your Sporcle Settings to finish the process.

Report this User

Report this user for behavior that violates our Community Guidelines.

Details: